[Event "Polanica Zdroj op"]
[Site "Polanica Zdroj"]
[Date "1999.08.25"]
[Round "9"]
[White "Kernazhitsky, Leonid"]
[Black "Vaulin, Alexander"]
[Result "1/2-1/2"]
[WhiteElo "2438"]
[BlackElo "2492"]

1.e4 c5 2.c3 Nf6 3.e5 Nd5 4.Nf3 e6 5.d4 cxd4 6.cxd4 d6 7.Bc4 Nb6 8.Bb5+ Bd7
9.Nc3 Bxb5 10.Nxb5 Be7 11.Bf4 Nd5 12.Bd2 Nc6 13.O-O O-O 14.Qe2 dxe5 15.dxe5 Qb6
16.Nc3 Rfd8 17.Rfd1 Qxb2 18.Nxd5 Rxd5 19.Rdb1 Nd4 20.Rxb2 Nxe2+ 21.Kf1 Nd4
22.Nxd4 Rxd4 23.Rxb7 Rxd2 24.Rxe7 g5 25.Kg1 Re2 26.Rc1 Rxe5 27.h4 a5 28.hxg5 Rxg5
29.Rc4 Rf5 30.g4 Rf3 31.Kg2 Ra3 32.Rcc7 Rf8 33.Rc2 Kg7 34.Ra7 Kf6 35.Rc5 Rg8
36.f3 Rxa2+ 37.Kg3 Rd8 38.Rcc7 Rf8 39.Rc5 a4 40.Rc4 a3 41.Rc3 h5 42.gxh5 Rg8+
43.Kf4 Re2 44.Re3 Rh2 45.Rexa3 Rxh5 46.Ke3 Re5+ 47.Kf2 Rgg5 48.R3a4 Rgf5
49.Rb7 Rc5 50.Rbb4 Rc3 51.Rf4 Kg5 52.Rg4+ Kf6 53.Rgf4 e5 54.Rxf5+ Kxf5 55.Rb4 f6
56.Ra4 Rd3 57.Ke2 Rd4 58.Ra6 Kg5 59.Re6 Ra4 60.Kf2 Ra3 61.Kg3 Rd3 62.Kf2 Rc3
63.Ke2 Rc5 64.Ke3 f5 65.Ra6 f4+ 66.Kf2 Rc2+ 67.Kf1 e4 68.fxe4 Kg4 69.e5 Kg3
70.Rg6+ Kf3 71.Kg1 Re2 72.Kf1 Ra2 73.Kg1  1/2-1/2

[Event "BIH-chT"]
[Site "Bihac"]
[Date "1999.08.28"]
[Round "8"]
[White "Nurkic, Sahbaz"]
[Black "Kozul, Zdenko"]
[Result "0-1"]
[WhiteElo "2417"]
[BlackElo "2612"]

1.e4 c5 2.c3 Nf6 3.e5 Nd5 4.Nf3 e6 5.d4 cxd4 6.cxd4 d6 7.Bc4 Be7 8.O-O O-O
9.Qe2 Bd7 10.Bd2 Bc6 11.Nc3 Nxc3 12.Bxc3 Nd7 13.Rfd1 Nb6 14.Ba5 Qb8 15.Bxb6 axb6
16.d5 exd5 17.Bxd5 Ra5 18.Qe4 Rxd5 19.Rxd5 dxe5 20.Nxe5 Bxd5 21.Qxd5 Qd6
22.Rd1 Qxd5 23.Rxd5 Rc8 24.g3 Rc5 25.Rxc5 Bxc5 26.Kf1 Bd4 27.Nc4 Kf8 28.a4 Ke7
29.Ke2 Ke6 30.f3 f5 31.Kd3 Bg1 32.h3 h5 33.g4 fxg4 34.fxg4 hxg4 35.hxg4 Kd5
36.b3 Bc5 37.b4 b5 38.axb5 Bxb4 39.Ne3+ Ke5 40.Kc4 Be1 41.Nf5 g6 42.Ne7 g5
43.Nf5 b6 44.Ne3 Bf2 45.Nd5 Bc5 46.Nc7 Ke4 47.Ne6 Be7 48.Nc7 Ke5 49.Nd5 Bd8
50.Ne3 Ke4 51.Nf5 Bf6 52.Nd6+ Ke5 53.Ne8 Be7 54.Nc7 Bd8 55.Nd5 Ke4 56.Nb4 Kf4
57.Kd5 Kxg4 58.Nc6 Bf6  0-1

[Event "SoLett op"]
[Site "Skelleftea"]
[Date "1999.09.02"]
[Round "4"]
[White "Kiik, Kalle"]
[Black "Ernst, Thomas"]
[Result "1/2-1/2"]
[WhiteElo "2438"]
[BlackElo "2409"]

1.e4 c5 2.c3 Nf6 3.e5 Nd5 4.d4 cxd4 5.Nf3 Nc6 6.cxd4 d6 7.Nc3 dxe5 8.dxe5 Nxc3
9.Qxd8+ Nxd8 10.bxc3 g6 11.Bb5+ Bd7 12.Rb1 Bg7 13.Bxd7+ Kxd7 14.Ke2 Kc7 15.Bf4 Ne6
16.Be3 Rhd8 17.Rb5 Kc6 18.Rhb1 b6 19.c4 Rac8 20.a4 Kd7 21.Rc1 Rc6 22.a5 Rdc8
23.axb6 axb6 24.Rxb6 Rxc4 25.Rxc4 Rxc4 26.Kd3 Rc6  1/2-1/2

[Event "EU-ch U16 Girls"]
[Site "Litohoto"]
[Date "1999.09.03"]
[Round "1"]
[White "Goreskul, Alyona"]
[Black "Gara, Anita"]
[Result "1/2-1/2"]
[WhiteElo "2129"]
[BlackElo "2260"]

1.e4 c5 2.c3 Nf6 3.e5 Nd5 4.g3 d6 5.exd6 e6 6.Bg2 Bxd6 7.Ne2 Nc6 8.O-O O-O
9.d4 cxd4 10.Nxd4 Nxd4 11.Qxd4 Qc7 12.Nd2 Bc5 13.Qd3 Rd8 14.Qe2 Be7 15.Nf3 Bd7
16.c4 Nb6 17.b3 Bf6 18.Bf4 Qc8 19.Be5 Be7 20.Rad1 Bc6 21.Rxd8+ Qxd8 22.Rd1 Qf8
23.Bd4 Nd7 24.Ne5 Nxe5 25.Bxe5 Bxg2 26.Kxg2 Rd8 27.Rxd8 Qxd8 28.Qg4 Bf6  1/2-1/2

[Event "EU-ch U16"]
[Site "Litohoto"]
[Date "1999.09.05"]
[Round "3"]
[White "Zawadzki, Stanislaw"]
[Black "Stojanovic, Dalibor"]
[Result "1/2-1/2"]
[WhiteElo "2192"]
[BlackElo "2241"]

1.e4 c5 2.c3 Nf6 3.e5 Nd5 4.g3 d6 5.exd6 Qxd6 6.Bg2 Nc6 7.Ne2 Bf5 8.d4 cxd4
9.Nxd4 Nxd4 10.Qxd4 Qe6+ 11.Be3 Nxe3 12.Qxe3 Qxe3+ 13.fxe3 O-O-O 14.Nd2 e5
15.e4 Be6 16.O-O-O Bc5 17.Kc2 f6 18.a3 Be3  1/2-1/2

[Event "EU-ch U16 Girls"]
[Site "Litohoto"]
[Date "1999.09.06"]
[Round "4"]
[White "Goletto, Celine"]
[Black "Korbut, Ekaterina"]
[Result "0-1"]
[WhiteElo "2007"]
[BlackElo "2254"]

1.e4 c5 2.c3 Nf6 3.e5 Nd5 4.d4 cxd4 5.Nf3 Nc6 6.Bc4 e6 7.cxd4 d6 8.O-O Be7
9.Qe2 O-O 10.Nc3 Nxc3 11.bxc3 b6 12.Bd3 Bb7 13.Qe4 g6 14.Bh6 Re8 15.Qf4 dxe5
16.Nxe5 Nxe5 17.Qxe5 Bf6 18.Qg3 Rc8 19.Bb5 Re7 20.Bf4 a6 21.Ba4 Qd5 22.Bb3 Qc6
23.Rac1 Rd7 24.f3 a5 25.Be5 Bxe5 26.Qxe5 Ba6 27.Rfe1 a4 28.Bd1 Bc4 29.a3 Rd5
30.Qe3 Qb5 31.f4 Qa5 32.Bf3 Rb5 33.Bd1 Rb2 34.Ra1 Bd5 35.Re2 Rxe2 36.Bxe2 Qxc3
37.Qxc3 Rxc3 38.Kf2 Kf8 39.g3 Ke7 40.Rb1 Bb3 41.h3 Kd6 42.Bf3 Rd3 43.Rc1 Bd5
44.Bxd5 exd5  0-1

[Event "EU-ch U16 Girls"]
[Site "Litohoto"]
[Date "1999.09.08"]
[Round "6"]
[White "Kosintseva, Tatiana"]
[Black "Gara, Anita"]
[Result "1/2-1/2"]
[WhiteElo "2218"]
[BlackElo "2260"]

1.e4 c5 2.c3 Nf6 3.e5 Nd5 4.d4 cxd4 5.Nf3 e6 6.cxd4 d6 7.Bc4 Nc6 8.O-O Nb6
9.Bb3 dxe5 10.dxe5 Qxd1 11.Rxd1 Be7 12.Nc3 a6 13.Bf4 O-O 14.Rac1 Na5 15.Bc2 Bd7
16.Be3 Nac4 17.Bd4 Nd5 18.Nxd5 exd5 19.b3 Na3 20.Bd3 Rfc8 21.Bb2 Bg4 22.Be2 Nc2
23.h3 Be6 24.Nd4 Nxd4 25.Bxd4 Ba3 26.Rxc8+ Rxc8 27.Bd3 h5 28.f4 g6 29.Be3 Bb2
30.Be2 Rc2 31.Rd2 Bf5 32.Bf3 d4 33.Rxc2 Bxc2 34.Bd2 Bc3 35.Bxc3 dxc3 36.Kf2 Bxb3
37.Ke3 Bxa2 38.Bxb7 Bc4 39.Be4 Bf1 40.h4 a5 41.Bc2 Bxg2 42.Kd4 Bc6 43.Kxc3 Bd7
44.Kc4 Kf8 45.Kd5 Ke7 46.Kc5 a4 47.Kb4 Bc6 48.Bd3 Bd7 49.Bc2 Ke6 50.Be4 Be8
51.Kc4 f6 52.exf6 Kxf6 53.Kb4 Bd7 54.Bc2 Kg7 55.Ka3 Kf7 56.Kb4 Kf8 57.Ka3 Bf5
58.Bxa4 Bd3 59.Bd7 Ke7 60.Bh3 Kd6 61.Kb4 Kd5 62.Kc3 Bb1 63.Bg2+ Ke6 64.Bh3+ Bf5
65.Bg2 Bg4 66.Be4  1/2-1/2

[Event "POR-ch"]
[Site "Lisbon"]
[Date "1999.09.09"]
[Round "2"]
[White "Costa, Jorge"]
[Black "Costa, Fernando JM"]
[Result "0-1"]
[WhiteElo "2036"]
[BlackElo "2106"]

1.e4 c5 2.c3 Nf6 3.e5 Nd5 4.d4 cxd4 5.cxd4 d6 6.Bb5+ Nc6 7.Qf3 dxe5 8.dxe5 e6
9.Bd2 Bd7 10.Nc3 Nxe5 11.Qe2 Nxc3 12.Bxc3 Nc6 13.O-O-O Qc7 14.Nf3 Be7 15.Ne5 Nxe5
16.Qxe5 O-O-O 17.Bxd7+ Rxd7 18.Qxg7 Rhd8 19.Rxd7 Qxd7 20.Qxh7 f5 21.Qh5 Qd3
22.Re1 b5 23.a3 Bf6 24.Ba5 Rd7 25.Qe8+ Kb7 26.Qg6 Be5 27.g3 Qb3  0-1

[Event "CRO-chT"]
[Site "Pula"]
[Date "1999.09.09"]
[Round "1"]
[White "Stevic, Hrvoje"]
[Black "Hulak, Krunoslav"]
[Result "1/2-1/2"]
[WhiteElo "2470"]
[BlackElo "2493"]

1.e4 c5 2.c3 Nf6 3.e5 Nd5 4.Nf3 e6 5.Bc4 d6 6.d4 cxd4 7.cxd4 Nc6 8.O-O Be7
9.Qe2 O-O 10.Rd1 Na5 11.Bxd5 exd5 12.Nc3  1/2-1/2

[Event "Budapest FS09 IM-B"]
[Site "Budapest"]
[Date "1999.09.10"]
[Round "7"]
[White "Kun, Gabor"]
[Black "De Sousa, Jose"]
[Result "0-1"]
[WhiteElo "2314"]
[BlackElo "2253"]

1.e4 c5 2.c3 Nf6 3.e5 Nd5 4.d4 cxd4 5.Qxd4 e6 6.Nf3 Nc6 7.Qe4 d6 8.Nbd2 dxe5
9.Nxe5 Nxe5 10.Qxe5 Qd6 11.Bb5+ Bd7 12.Bxd7+ Qxd7 13.Ne4 Qc7 14.Qxc7 Nxc7
15.c4 e5 16.Ke2 f5 17.Nc3 Bb4 18.Bd2 O-O-O 19.a3 Bc5 20.b4 Bd4 21.Rhd1 Rd6
22.Nb5 Nxb5 23.cxb5 Bxa1 24.Rxa1 Kd7 25.Be3 Rc8 26.Bc5 Re6 27.Rd1+ Ke8 28.a4 b6
29.Be3 Rc4 30.Bd2 Rd6 31.a5 Re4+  0-1

[Event "CRO-chT (Women)"]
[Site "Pula"]
[Date "1999.09.10"]
[Round "2"]
[White "Filipovic, Irena"]
[Black "Gladisheva, Tatjana"]
[Result "0-1"]
[WhiteElo "2010"]
[BlackElo "2191"]

1.e4 c5 2.c3 Nf6 3.e5 Nd5 4.d4 cxd4 5.Nf3 Nc6 6.cxd4 d6 7.Bc4 Nb6 8.Bb3 d5
9.h3 Bf5 10.Nc3 e6 11.a3 Be7 12.O-O O-O 13.Be3 Rc8 14.Rc1 a6 15.Na4 Nxa4
16.Bxa4 b5 17.Bc2 Bxc2 18.Rxc2 h6 19.Qe2 Qd7 20.Rfc1 Na5 21.Nd2 Rxc2 22.Rxc2 Rc8
23.Nb1 Rc4 24.Rxc4 bxc4 25.Qc2 Bd8 26.Bd2 Nb3 27.Bc3 Bb6 28.Qd1 Qa7 29.Nd2 Nxd4
30.Qg4 Nc6 31.Qf3 Qc7 32.Qg3 d4 33.Bb4 Nxe5 34.Ne4 Nd7 35.Qf3 a5 36.Bd6 Qd8
37.Qg3 Nf6 38.Be5 Kf8 39.Bd6+ Ke8 40.Nd2 c3 41.bxc3 dxc3 42.Nc4 Ne4 43.Qxg7 Nxd6  0-1

[Event "CRO-chT"]
[Site "Pula"]
[Date "1999.09.12"]
[Round "4"]
[White "Rosandic, Denis"]
[Black "Galic, Zeljko"]
[Result "1/2-1/2"]
[WhiteElo "2262"]
[BlackElo "2394"]

1.e4 c5 2.c3 Nf6 3.e5 Nd5 4.d4 cxd4 5.cxd4 Nc6 6.Nf3 d6 7.Bc4 Nb6 8.Bb5 dxe5
9.Nxe5 Bd7 10.Bxc6 Bxc6 11.Nxc6 bxc6 12.O-O g6 13.Re1 Bg7 14.Bg5 Nc8 15.Qa4 O-O
16.Qxc6 Rb8 17.Nc3 Rxb2 18.Red1 Rc2 19.Qf3 h6 20.Bf4  1/2-1/2

[Event "CRO-chT"]
[Site "Pula"]
[Date "1999.09.12"]
[Round "4"]
[White "Sermek, Drazen"]
[Black "Bukal, Vladimir Jr"]
[Result "1-0"]
[WhiteElo "2545"]
[BlackElo "2390"]

1.e4 c5 2.c3 Nf6 3.e5 Nd5 4.Nf3 e6 5.Bc4 d6 6.d4 cxd4 7.cxd4 Nc6 8.O-O Be7
9.Qe2 O-O 10.Qe4 Qc7 11.Nbd2 Kh8 12.Bxd5 exd5 13.Qxd5 dxe5 14.dxe5 Be6 15.Qe4 Rad8
16.a3 Rd7 17.h3 Rfd8 18.Qe2 Bf5 19.Re1 Na5 20.b4 Qc3 21.Ra2 Be6 22.Ne4 Qc4
23.Qxc4 Bxc4 24.Rc2 Bd3 25.Rc3 Nc6 26.Bg5 Bxg5 27.Nexg5 Bf5 28.b5 Na5 29.e6 Bxe6
30.Nxe6 fxe6 31.Rxe6 Rd1+ 32.Kh2 h6 33.Ne5 Kh7 34.Rc7 R1d6 35.Ree7 Rg8 36.Nd7 Rg6
37.f4 h5 38.f5  1-0

[Event "POR-ch"]
[Site "Lisbon"]
[Date "1999.09.13"]
[Round "6"]
[White "Costa, Jorge"]
[Black "Guerra, Victor"]
[Result "0-1"]
[WhiteElo "2036"]
[BlackElo "2120"]

1.e4 c5 2.c3 Nf6 3.e5 Nd5 4.d4 cxd4 5.Nf3 e6 6.cxd4 d6 7.Nc3 Nc6 8.exd6 Nxc3
9.bxc3 Qxd6 10.Bd3 Be7 11.O-O b6 12.Ng5 Bb7 13.Ne4 Qc7 14.Qg4 g6 15.Bf4 Qd8
16.Qg3 O-O 17.Bh6 Re8 18.Rfe1 Rc8 19.Ng5 Na5 20.Qf4 Bf6 21.Rac1 Nc4 22.Be4 Bxe4
23.Nxe4 Be7 24.Ng5 Nd6 25.g4 Bf6 26.Re3 Rc7 27.Rf3 Bh8 28.Rh3 e5 29.Qg3 f6
30.dxe5 Rxe5 31.Nf3 Rd5 32.Bf4 Re7 33.Nd4 Ne4 34.Qf3 Qd7 35.Re1 Ng5 36.Qxd5+ Qxd5
37.Rxe7 Nxh3+ 38.Kf1 Qh1+  0-1

[Event "Asia-ch U20"]
[Site "Vung Tau City"]
[Date "1999.09.13"]
[Round "2"]
[White "Ghaem Maghami, Eshan"]
[Black "Irnandi, Irwin"]
[Result "1-0"]
[WhiteElo "2373"]
[BlackElo "2235"]

1.e4 c5 2.c3 Nf6 3.e5 Nd5 4.Nf3 d6 5.d4 cxd4 6.cxd4 Nc6 7.Bc4 Nb6 8.Bb3 dxe5
9.d5 Na5 10.Nc3 Nxb3 11.Qxb3 g6 12.Nxe5 Bg7 13.Bf4 O-O 14.O-O e6 15.d6 Qxd6
16.Nxg6 e5 17.Nxe5 Bxe5 18.Nb5 Qe6 19.Qxe6 Bxe6 20.Bxe5 Bc4 21.Nc7 Rad8 22.Rfc1 Rd2
23.b3 Be2 24.Bf4 Rb2 25.Rc3 f6 26.Bc1  1-0

[Event "Artek olJ"]
[Site "Artek"]
[Date "1999.09.14"]
[Round "4"]
[White "Szabo, Gergely"]
[Black "Moradiabadi, A."]
[Result "1-0"]
[WhiteElo "2299"]
[BlackElo "2094"]

1.e4 c5 2.c3 Nf6 3.e5 Nd5 4.d4 cxd4 5.Nf3 Nc6 6.Bc4 Nb6 7.Bb3 g6 8.Ng5 d5
9.exd6 e6 10.Qf3 Ne5 11.Qg3 Bg7 12.cxd4 Nc6 13.O-O Nxd4 14.Nc3 O-O 15.Rd1 Bd7
16.Rxd4 Bxd4 17.Qh4 Bxf2+ 18.Qxf2 Bc6 19.Qh4 h5 20.Qg3 Nd5 21.Nxe6 fxe6 22.Qxg6+ Kh8
23.Qh6+ Kg8 24.Qxe6+ Kh8 25.Qh6+ Kg8 26.Nxd5  1-0

[Event "CRO-chT (Women)"]
[Site "Pula"]
[Date "1999.09.15"]
[Round "6"]
[White "Filipovic, Irena"]
[Black "Grabics, Monika"]
[Result "0-1"]
[WhiteElo "2010"]
[BlackElo "2304"]

1.e4 c5 2.c3 Nf6 3.e5 Nd5 4.d4 cxd4 5.Nf3 Nc6 6.cxd4 d6 7.Bc4 dxe5 8.dxe5 Ndb4
9.Qb3 e6 10.a3 Na5 11.Bb5+ Bd7 12.Qa4 Nc2+ 13.Qxc2 Bxb5 14.Nc3 Qd3 15.Qxd3 Bxd3
16.Nd2 Nc6 17.f4 Nd4 18.Kf2 Nc2 19.Ra2 Bc5+ 20.Kg3 Rd8 21.b4 Be7 22.Nf3 a5
23.bxa5 h5 24.h4 Rc8 25.Bd2 Nxa3 26.Rc1 O-O 27.Rb2 Nc4 28.Rxb7 Nxd2 29.Rxe7 Rxc3
30.Rxc3 Ne4+ 31.Kh2 Nxc3 32.Nd4 Ra8 33.Nc6 Be4 34.Rc7 Bxc6 35.Rxc6  0-1

[Event "CRO-chT"]
[Site "Pula"]
[Date "1999.09.17"]
[Round "8"]
[White "Stevic, Hrvoje"]
[Black "Kozul, Zdenko"]
[Result "1-0"]
[WhiteElo "2470"]
[BlackElo "2612"]

1.e4 c5 2.c3 Nf6 3.e5 Nd5 4.d4 cxd4 5.Nf3 Nc6 6.cxd4 d6 7.Bc4 e6 8.O-O Be7
9.Qe2 O-O 10.a3 Qb6 11.Rd1 Na5 12.Bxd5 exd5 13.Nc3 Qc6 14.Bf4 Nb3 15.Ra2 a6
16.Qc2 Na5 17.Qa4 dxe5 18.Nxe5 Qxa4 19.Nxa4 f6 20.Nd3 Bd8 21.Re1 Kf7 22.Bd6 Rg8
23.b4 Nc4 24.Bg3 g5 25.Nc3 Bf5 26.Nc5 b6 27.Nb3 Rc8 28.Nxd5 h5 29.Rae2 Bd3
30.Re6 Bf5 31.R6e2 Bd3 32.Ne7 Bxe7 33.Rxe7+ Kg6 34.h4 Nxa3 35.hxg5 Nc2 36.R7e6 Bc4  1-0

[Event "Alushta2"]
[Site "Alushta"]
[Date "1999.09.19"]
[Round "2"]
[White "Novopashin, Arkady"]
[Black "Kovalev, Andrei"]
[Result "1/2-1/2"]
[WhiteElo "2385"]
[BlackElo "2400"]

1.e4 c5 2.c3 Nf6 3.e5 Nd5 4.d4 cxd4 5.Nf3 Nc6 6.Bc4 Nb6 7.Bb3 d5 8.exd6 Qxd6
9.O-O Be6 10.Na3 Bxb3 11.Qxb3 Qd5 12.Nb5 Rc8 13.Nfxd4 Nxd4 14.Nxd4 e6 15.Be3 Nc4
16.Qa4+ Qd7 17.Qxd7+ Kxd7 18.Rad1 Nxe3 19.fxe3 Ke8 20.Nb5 a6 21.Nd6+ Bxd6
22.Rxd6 Ke7 23.Rb6  1/2-1/2

[Event "Alushta2"]
[Site "Alushta"]
[Date "1999.09.21"]
[Round "4"]
[White "Novopashin, Arkady"]
[Black "Golubev, Mihail"]
[Result "1/2-1/2"]
[WhiteElo "2385"]
[BlackElo "2532"]

1.e4 c5 2.c3 Nf6 3.e5 Nd5 4.d4 cxd4 5.Nf3 Nc6 6.Bc4 Nb6 7.Bb3 g6 8.Ng5 d5
9.cxd4 f6 10.Nf3 Bg7 11.exf6 exf6 12.O-O O-O 13.h3 Bf5 14.Nc3 Na5 15.Bc2 Bxc2
16.Qxc2 Qd6 17.b3 Rac8 18.Qd3 a6 19.Bd2 Nc6 20.Rae1 Rce8 21.Re3 Rxe3 22.Qxe3 Na8
23.Re1 Nc7 24.Qf4 Qd7 25.Na4 Re8 26.Nc5 Qc8 27.Qd6 Rd8 28.Qf4 Re8 29.Qd6 Rd8  1/2-1/2

[Event "Asia-ch U20"]
[Site "Vung Tau City"]
[Date "1999.09.21"]
[Round "8"]
[White "Ghaem Maghami, Eshan"]
[Black "Ahmad, Aziz"]
[Result "1/2-1/2"]
[WhiteElo "2373"]
[BlackElo "2327"]

1.e4 c5 2.c3 Nf6 3.e5 Nd5 4.Nf3 Nc6 5.d4 cxd4 6.Bc4 Nb6 7.Bb3 g6 8.cxd4 Bg7
9.d5 Nxe5 10.Nxe5 Bxe5 11.Bh6 e6 12.Nc3 Qh4 13.Qd2 f6 14.dxe6 dxe6 15.O-O-O Bd7
16.g3 Qb4 17.f4 Bxc3 18.bxc3 Rc8 19.Kb1 Qxc3 20.Qxc3 Rxc3 21.Bg7 Rg8 22.Bxf6 Rc6
23.Rd4 Nd5 24.Bg5 Rb6 25.Re1 Nc7 26.Ka1 h6 27.Bf6 Nb5 28.Rd2 Rd6 29.Rxd6 Nxd6
30.Bxe6 Bxe6 31.Rxe6+ Kd7 32.Re7+ Kc6 33.Be5 Nf5 34.Rc7+ Kb6 35.g4 Ne3 36.h3 h5
37.Rc3 Nd5 38.Rf3 hxg4 39.hxg4 Kc5 40.f5 gxf5 41.gxf5 Rf8 42.Kb2 Nb6 43.Kc3 Kd5  1/2-1/2

[Event "Wch U20"]
[Site "Yerevan"]
[Date "1999.09.21"]
[Round "4"]
[White "Khamrakulov, Ibragim S"]
[Black "Halkias, Stelios"]
[Result "0-1"]
[WhiteElo "2383"]
[BlackElo "2406"]

1.e4 c5 2.c3 Nf6 3.e5 Nd5 4.Nf3 Nc6 5.Bc4 Nb6 6.Bb3 c4 7.Bc2 Qc7 8.Qe2 g5
9.e6 dxe6 10.Nxg5 Qe5 11.d4 cxd3 12.Bxd3 Qxe2+ 13.Kxe2 h6 14.Nf3 Rg8 15.g3 e5
16.Nh4 e6 17.Bh7 Rh8 18.Be4 Bd7 19.b3 Bg7 20.f3 f5 21.Bd3 O-O-O 22.Bb2 e4
23.fxe4 Nb4 24.Nd2 Nxd3 25.Kxd3 fxe4+ 26.Kc2 Bc6 27.Rhe1 Rhf8 28.Re2 e3 29.Rxe3 Rf2
30.Rd1 Nc4 31.bxc4 Ba4+ 32.Kc1  0-1

[Event "Najdorf mem op"]
[Site "Buenos Aires"]
[Date "1999.09.27"]
[Round "6"]
[White "Flores, Diego"]
[Black "Pierrot, Facundo"]
[Result "1/2-1/2"]
[WhiteElo "2319"]
[BlackElo "2446"]

1.e4 c5 2.c3 Nf6 3.e5 Nd5 4.d4 cxd4 5.Nf3 Nc6 6.Bc4 Nb6 7.Bb3 d5 8.exd6 Qxd6
9.cxd4 Be6 10.O-O Bxb3 11.Qxb3 e6 12.Nc3 Be7 13.Rd1 Nb4 14.a3 N4d5 15.Ne4 Qd8
16.Nc5 Qc7 17.Qb5+ Qc6 18.Qxc6+ bxc6 19.Ne5 Rc8 20.b3 Bxc5 21.dxc5 Nd7 22.Nc4 Ke7
23.b4 Rb8 24.f4 Rhd8 25.g3 g6 26.Bb2 Rb5 27.Rf1 N7f6 28.Rae1 Kf8 29.h3 Rb7
30.g4 Re7 31.Kg2 Nd7 32.Kg3 Rc8 33.h4 N7f6 34.h5 gxh5 35.g5 Ne8 36.Rh1 Ng7
37.Kf3 Rd7 38.Rd1 Rcd8 39.Be5 Kg8 40.Bd6 Rc8 41.Rd2 Rdd8 42.Rdh2 Rd7 43.Be5 Ne7
44.Nd6 Rcd8 45.Ne4 Rd3+ 46.Kg2 Nef5 47.Nf6+ Kh8 48.Nxh5  1/2-1/2

[Event "Paks 09 IM"]
[Site "Paks"]
[Date "1999.09.27"]
[Round "7"]
[White "Susak, Zeljko"]
[Black "Reiss, Tibor"]
[Result "1/2-1/2"]
[WhiteElo "2190"]
[BlackElo "2180"]

1.e4 c5 2.c3 Nf6 3.e5 Nd5 4.d4 cxd4 5.Nf3 Nc6 6.cxd4 d6 7.Bc4 Nb6 8.Bb3 dxe5
9.d5 Na5 10.Nc3 Nxb3 11.Qxb3 e6 12.Nxe5 Nxd5 13.Qb5+ Bd7 14.Qxb7 Qc8 15.Qxd7+ Qxd7
16.Nxd7 Kxd7 17.Nxd5 exd5 18.Be3 Bb4+ 19.Ke2 Rac8 20.Rac1 a6 21.Kd3 Be7 22.Bd4 f6
23.Rhe1 Rxc1 24.Rxc1 Rc8 25.Re1 Bc5 26.Rc1 Be7 27.Re1 Bc5 28.Bxc5 Rxc5 29.Re3 Rc6
30.f4 Rc1 31.Rg3 g6 32.Rh3 h5 33.f5 gxf5 34.Rxh5 Ra1 35.a3 Rb1 36.Kc2 Rf1
37.Rh7+ Kc6 38.Rg7 Rf2+ 39.Kc3 Kd6 40.b4 Ke5 41.h4 Rf4 42.Re7+ Kd6 43.Ra7 Rxh4
44.Rxa6+ Ke5 45.b5 Rg4 46.Rc6 d4+ 47.Kb3 Rg3+ 48.Kb4 d3 49.Kc3 Rxg2 50.Kxd3 Rg3+
51.Ke2 Rxa3 52.b6 Ra8  1/2-1/2

[Event "Wch U20"]
[Site "Yerevan"]
[Date "1999.09.30"]
[Round "13"]
[White "Khamrakulov, Ibragim S"]
[Black "Chibukhchian, Artur"]
[Result "1-0"]
[WhiteElo "2383"]
[BlackElo "2413"]

1.e4 c5 2.c3 Nf6 3.e5 Nd5 4.Nf3 Nc6 5.d4 cxd4 6.cxd4 g6 7.Qb3 e6 8.Nc3 Nxc3
9.bxc3 d5 10.Bd3 Qc7 11.h4 Bd7 12.h5 gxh5 13.Rxh5 Rc8 14.Bxh7 Na5 15.Qd1 Qc4
16.Bd2 Bb5 17.Nh2 Kd7 18.Rh3 Be7 19.Bd3 Qxd3 20.Rxd3 Rxh2 21.Ke2 Rxg2 22.Rb1 Bxd3+
23.Kxd3 b6 24.Be3 Rcg8 25.Rb5 Nc6 26.Qf3 R2g7 27.Bf4 Rd8 28.Bh6 Rh7 29.Rxd5+ Kc7
30.Rxd8 Bxd8 31.Bf4 Be7 32.d5 exd5 33.Qxd5 Rh3+ 34.Kc2 Rh4 35.Bg3 Rg4 36.e6+ Rxg3
37.Qd7+  1-0

[Event "SLO-ch"]
[Site "Kranj"]
[Date "1999.10.03"]
[Round "2"]
[White "Praznik, Niko"]
[Black "Mazi, Leon"]
[Result "0-1"]
[WhiteElo "2242"]
[BlackElo "2387"]

1.e4 c5 2.c3 Nf6 3.e5 Nd5 4.d4 cxd4 5.Nf3 b6 6.cxd4 e6 7.Nc3 Nxc3 8.bxc3 Qc7
9.Bd2 d6 10.Bd3 Bb7 11.O-O Nd7 12.Re1 Be7 13.Bg5 Bxg5 14.Nxg5 dxe5 15.Qh5 Nf6
16.Nxe6 Qc6 17.d5 Qxe6 18.Bb5+ Ke7 19.dxe6 Nxh5 20.Rxe5 g6 21.exf7+ Kxf7
22.Rae1 Rab8 23.Re7+ Kf6 24.h4 Bc8 25.Bc4 Rf8 26.f3 Ng7 27.g4 Be6 28.R7xe6+ Nxe6
29.Rxe6+ Kg7 30.Re7+ Kh8 31.Bd5 Rbd8 32.c4 b5 33.Kg2 bxc4 34.Bxc4 Rd4 35.Rc7 Rfd8
36.Kg3 R4d7 37.Rc5 Kg7 38.a4 Kf6 39.Bb5 Re7 40.Rc6+ Ke5 41.Rc4 Rd4 42.Rc5+ Kd6
43.Rc8 Rc7 44.Rd8+ Kc5 45.Re8 Rf7 46.Rc8+ Kb4 47.Rb8 Rc7 48.Be8+ Kc3 49.Bb5 Rd6
50.Ra8 Kd4 51.Re8 a6 52.Be2 Rc5 53.Re7 Re5 54.Rxe5 Kxe5 55.Bc4 h6 56.f4+ Ke4
57.Be2 Ke3 58.Bc4 Rf6 59.h5 gxh5 60.gxh5 a5 61.Bb5 Rxf4 62.Bc6 Rf5 63.Be8 Rg5+
64.Kh3 Kf4 65.Bf7 Rg3+ 66.Kh2 Re3 67.Bg6 Kg4 68.Kg2 Re2+ 69.Kg1 Re5  0-1

[Event "Pan American-ch U18"]
[Site "Matinhos"]
[Date "1999.10.03"]
[Round "3"]
[White "Gastiaburo, Hernan"]
[Black "Coelho, Luis"]
[Result "1/2-1/2"]
[WhiteElo "2212"]
[BlackElo "2041"]

1.e4 c5 2.c3 Nf6 3.e5 Nd5 4.d4 cxd4 5.Nf3 Nc6 6.Bc4 Nb6 7.Bb3 d5 8.exd6 Qxd6
9.O-O Be6 10.Na3 Bxb3 11.Qxb3 Rc8 12.Nb5 Qd5 13.Nfxd4 Qxb3 14.axb3 Nxd4 15.Nxd4 a6
16.b4 Nd7 17.Rd1 e5 18.Nb3 Be7 19.Ra5 Rc7 20.Rad5 f6 21.Be3 Rf8 22.f4 Rf7
23.h3 Bf8 24.Nc1 exf4 25.Bxf4 Rc8 26.R5d2 Nb6 27.Re2+ Re7 28.Rde1 Kf7 29.Nd3 Rxe2
30.Rxe2 Re8 31.Kf2 Rxe2+ 32.Kxe2 Ke6 33.Kf3 h6 34.b3 Nd7 35.g4 g5 36.Bc7 f5
37.gxf5+  1/2-1/2

[Event "Budapest FS10 IM"]
[Site "Budapest"]
[Date "1999.10.08"]
[Round "7"]
[White "Trabert, Bettina"]
[Black "Szeberenyi, Adam"]
[Result "1/2-1/2"]
[WhiteElo "2301"]
[BlackElo "2357"]

1.e4 c5 2.c3 Nf6 3.e5 Nd5 4.d4 cxd4 5.Nf3 d6 6.cxd4 Nc6 7.Bc4 dxe5 8.Nxe5 e6
9.O-O Be7 10.Qf3 O-O 11.Rd1 Bf6 12.Qe4 Qc7 13.Nxc6 Qxc6 14.Bxd5 exd5 15.Qf4 Be6
16.Nc3 Rac8 17.Be3 Qc4 18.Qf3 Rfd8 19.Rd2 Be7 20.a3 b5 21.h3 Rd7 22.Ne2 b4
23.axb4 Qxb4 24.Nf4 Qb6 25.Nd3 Bb4 26.Rdd1 Rdc7 27.Rdc1 Rxc1+ 28.Rxc1 Rxc1+
29.Nxc1 Bd6 30.Nd3 Qb5 31.Bf4 Bf8 32.Be5 f6 33.Bg3 Bf7 34.Qe2 Qb6 35.Qe3 Qe6
36.Qxe6 Bxe6 37.f3 Kf7 38.Be1 Bd6 39.Bb4 Bf5 40.Bxd6 Bxd3  1/2-1/2

[Event "Asia-chT"]
[Site "Shenyang"]
[Date "1999.10.10"]
[Round "1"]
[White "Ghaem Maghami, Eshan"]
[Black "Dao Thien Hai"]
[Result "1/2-1/2"]
[WhiteElo "2373"]
[BlackElo "2543"]

1.e4 c5 2.c3 Nf6 3.e5 Nd5 4.Nf3 Nc6 5.d4 cxd4 6.Bc4 Nb6 7.Bb3 g6 8.cxd4 Bg7
9.d5 Nxe5 10.Nxe5 Bxe5 11.Bh6 e6 12.Nc3 Qh4 13.Qd2 f6 14.dxe6 dxe6 15.O-O-O Kf7
16.g3 Qb4 17.Rhe1 Bxc3 18.bxc3 Qa3+ 19.Kb1 Re8 20.Qd4 Bd7 21.Re4 Qe7 22.Rf4 Nd5
23.Rf3 Rac8 24.c4 Nb6 25.Bg5 Kg8 26.Bxf6 Qc5 27.Qxc5 Rxc5 28.Bd4 Bc6 29.Re3 Rh5
30.h4 Kf8 31.Rde1 Kf7 32.f4 Ra5 33.Bc3 Rc5 34.Bb4 Rxc4 35.Bxc4 Nxc4 36.Rc3 b5
37.Rd3 a5 38.Bc3 h5 39.Be5 Bd5 40.Ka1 Rc8 41.Bb2 b4 42.a3 bxa3 43.Bxa3 Kf6
44.Rc3 Rb8 45.Rb1 Rxb1+ 46.Kxb1 Kf5 47.Rxc4 Bxc4 48.Be7 Kg4 49.Kb2 Kxg3 50.Bg5 Kf3
51.Ka3 Bb5 52.Bh6 Ke4 53.Bg5 Kd3 54.Bd8 Bc6 55.Be7  1/2-1/2

[Event "Wichern op 5th"]
[Site "Hamburg"]
[Date "1999.10.15"]
[Round "1"]
[White "Labahn, Dieter"]
[Black "Dischinger, Frank"]
[Result "0-1"]
[WhiteElo "2042"]
[BlackElo "2260"]

1.e4 c5 2.c3 Nf6 3.e5 Nd5 4.d4 cxd4 5.Nf3 e6 6.cxd4 d6 7.Nc3 Nxc3 8.bxc3 Qc7
9.Qb3 Bd7 10.Be2 Nc6 11.Bf4 Na5 12.Qc2 Rc8 13.Rc1 d5 14.O-O b5 15.Qb2 Nc4
16.Bxc4 Qxc4 17.Nd2 Qa4 18.Nb1 Rc6 19.Qe2 Qc4 20.Rc2 Qxe2 21.Rxe2 Be7 22.Bc1 O-O
23.f4 Rfc8 24.Bb2 Ra6 25.a3 b4 26.axb4 Bb5 27.c4 Bxc4 28.Rc1 Rb8 29.Rec2 g5
30.Nd2 Rxb4 31.Nxc4 dxc4 32.Bc3 Rba4 33.Bd2 c3 34.Rxc3 Rxd4 35.Be3 Re4 36.fxg5 Kg7
37.g3 Rxe3 38.Rxe3 Bxg5 39.Rcc3 Bxe3+ 40.Rxe3 Ra2 41.h3 a5 42.Rb3 a4 43.Rb5 Kg6
44.Ra5 a3 45.Ra4 Kf5 46.Rf4+ Kxe5 47.Rxf7 Rb2  0-1

[Event "EU-ch U20 Girls"]
[Site "Patras"]
[Date "1999.10.15"]
[Round "10"]
[White "Redondo Arguelles, Graciela"]
[Black "Kucypera, Anna"]
[Result "1/2-1/2"]
[WhiteElo "2067"]
[BlackElo "2218"]

1.e4 c5 2.c3 Nf6 3.e5 Nd5 4.g3 Nc6 5.Bg2 e6 6.Nf3 d6 7.d4 cxd4 8.cxd4 dxe5
9.dxe5 Be7 10.O-O O-O 11.Bd2 b6 12.Qa4 Bd7 13.Qe4 Rc8 14.Nc3 Ncb4 15.Nd4 Bc5
16.a3 Nxc3 17.Bxc3 Nd5 18.Bd2 Qe7 19.Nb3 Bb5 20.Rfc1 Rfd8 21.Nxc5 Rxc5 22.Rxc5 Qxc5
23.Rc1 Qe7 24.Qg4 Kh8 25.Bg5 f6 26.Bxd5 exd5 27.exf6 gxf6 28.Qd4 Rd6 29.Bd2 Qe4
30.Bh6 Bc6 31.Qxe4 dxe4 32.Bf4 Re6 33.Kf1  1/2-1/2

[Event "Wichern op 5th"]
[Site "Hamburg"]
[Date "1999.10.16"]
[Round "2"]
[White "Dolzhikova, Olga"]
[Black "Volzhin, Alexander"]
[Result "0-1"]
[WhiteElo "2236"]
[BlackElo "2569"]

1.e4 c5 2.c3 Nf6 3.e5 Nd5 4.Nf3 e6 5.d4 cxd4 6.cxd4 d6 7.a3 Bd7 8.Bd3 Bc6
9.O-O Nd7 10.Re1 Rc8 11.Ng5 dxe5 12.Nxe6 fxe6 13.Qh5+ Ke7 14.Bg5+ N5f6 15.dxe5 Nxe5
16.Bf5 g6 17.Qe2 exf5 18.Bxf6+ Kxf6 19.Qxe5+ Kf7 20.Qxh8 Qd5 21.Qxh7+ Bg7
22.Re7+ Kxe7 23.Qxg7+ Kd8 24.Qf6+ Kc7 25.f3 Qc5+ 26.Kf1 Bb5+ 27.Ke1 Qe3+
28.Kd1 Ba4+  0-1